000 00713cab a2200229 4500
001 ABS46657
008 090401t1992 xxu||||| |||| 00| 0 eng d
035 _a(Sirsi) u59038
041 _aeng
100 _aLyon, J.
245 _aTop-slice valuation : a pure mathematics approach
260 _c1992
350 _a0
490 _aEstates Gazette
_v(9923) 13 June 1992, 82-84(3)
520 _aSummary of the various methods used for calculating a yield on the overage income. Also looks at a core-and-overage analysis founded on calculus.
650 _aOVER-RENTED PROPERTY
650 _aREAL VALUE APPROACH
650 _aYIELDS
690 _aRATING AND VALUATION
942 _n0
948 _c04/03/1997
999 _c36152
_d36152